000 00595nam a2200121 a 4500
008 120416s1991 xx |||||||||||||| || u
050 _aS 585 Per
245 0 0 _aPerspectives in world agriculture
_ccompiled by Commonwealth Agricultural Bureaux
260 _c1991
350 _a0.00
995 _aMAIN LIBRARY OPEN ACCESS
_D0.00
_e720197
_FCBU-MAIN LIBRARY (Kitwe)
_H2
_I10.00
_jS 585 Per
_M2
_UAVAILABLE
_y013607
_ZMain Library Open Access Collection
995 _aMAIN LIBRARY OPEN ACCESS
_D0.00
_e720198
_FCBU-MAIN LIBRARY (Kitwe)
_H1
_I10.00
_jS 585 Per
_M3
_UAVAILABLE
_y013608
_ZMain Library Open Access Collection
999 _c81841
_d81841